Music Quiz

Random Music or Bands Quiz

Hollywood Undead Trivia Quiz Stats

 Plays Quiz not verified by Sporcle

Score 0/24 Timer 10:00
0 Plays Today
Hint Answer % Correct
What is Johnny 3 Tears real name?George Ragan
85.2%
What is J-Dogs real name?Jorel Decker
76%
What is Dannys real name?Daniel Murillo
73.2%
What is Charlie Scenes real name?Jordon Terrell
69.9%
what is Funny Mans real name?Dylan Alvarez
68.3%
Which member wanted to be in a gang growing up?J-Dog
59.6%
Which member has the nickname King Kong?Funny Man
59.6%
What is the stage name of the ex member?Deuce
59%
Which membr has his mom and dads names tattoo'd on his knuckles?Charlie Scene
56.8%
What is the name of Johnny 3 Tears daughter?Ava
55.7%
Which member went to jail in 2008-2009?Johnny
53%
What is the name of Dannys daughter?Scarlett
50.8%
Hint Answer % Correct
Which member is a Miley Cyrus fan?Da Kurlzz
48.6%
What is the real name of the ex member?Aron Erlichman
45.9%
Which member has a dog called bones?Funny Man
44.8%
What is Da Kurlzz real nameMatthew Busek
44.3%
Which member has a cat called Tiger?J-Dog
44.3%
Which member was on American Idol?Danny
43.7%
Which member accidentally ran over his dog with his car?Charlie Scene
43.7%
which member is engaged?J-Dog
43.7%
Which member is working on a movie?Johnny 3 Tears
41%
Which member cried after hearing the band on the radio for the first time?Da Kurlzz
39.9%
Which two members aren't married?Funny man and Johnny
28.4%
Which two members met at the age of 5?J-dog and Johnny 3 Tears
26.2%

You're not logged in!

Compare scores with friends on all Sporcle quizzes.
Join for Free
OR
Log In

You Might Also Like...

Show Comments

Extras

Top Quizzes Today


Score Distribution

Your Account Isn't Verified!

In order to create a playlist on Sporcle, you need to verify the email address you used during registration. Go to your Sporcle Settings to finish the process.

Report this User

Report this user for behavior that violates our Community Guidelines.

Details: